| 000 | 00544nam a2200157 a 4500 | ||
|---|---|---|---|
| 008 | 120416s1962 ||||||||||||||||| || u | ||
| 050 | _aGN 492.6 Mai | ||
| 100 | _aMair, Lucy Philip | ||
| 245 | 1 | 0 | _aPrimitive government |
| 260 |
_a[Harmonds, Eng.] _bPenguin _c[1962(1970)] |
||
| 300 | _a288p. : ill. | ||
| 350 | _a0.00 | ||
| 650 | _aGOVERNMENT | ||
| 650 | _aGOVERNMENTS--PRIMITIVE | ||
| 995 |
_D0.00 _FCBU-MAIN LIBRARY (Kitwe) _H1 _I12.00 _M1 _UAVAILABLE _ZMain Library Open Access Collection |
||
| 999 |
_c54477 _d54477 |
||